| 000 | 00868nam a2200241 a 4500 | ||
|---|---|---|---|
| 001 | 000012983 | ||
| 005 | 20200929163119.0 | ||
| 008 | 091118s1999 gt 001 f spa d | ||
| 020 | _a999226702X | ||
| 040 |
_aDO-SdBNP _bspa _cBNPHU |
||
| 082 |
_aG863.44 _bS161h |
||
| 100 | 1 |
_aSalazar de León, José Oswaldo, _d1959- _929931 |
|
| 245 | 1 | 0 |
_aHistoria moderna de la etnicidad en Guatemala. la visión hegemónica : _bBernal Díaz del Castillo / _cJosé Oswaldo Salazar de León. |
| 260 |
_aGuatemala : _bCultura, _c1999. |
||
| 300 |
_a76 ; _c21 cm. |
||
| 490 | 1 | _aIDIES | |
| 600 | 1 | 0 |
_aDÍAZ DEL CASTILLO, BERNAL, _d1492-1581? _xCRÍTICA E INTERPRETACIÓN _929932 |
| 650 | 4 |
_aNovela guatemalteca _95392 |
|
| 650 | 4 |
_aLiteratura indígena _xHistoria y crítica _929933 |
|
| 650 | 4 |
_aLiteratura guatemalteca _ySIGLO XX _924228 |
|
| 830 | 0 |
_aIDIES _929934 |
|
| 049 | _aBNGR | ||
| 999 |
_c12630 _d12630 |
||